Statistiques concernant Quiz Jeu Pokémon Soleil et Lune

Cliquez ici pour prendre le quiz!

Statistiques générales

  • Ce quiz a été pris 99 fois
  • Le résultat moyen est 8 sur 10

Statistiques - réponses

QuestionRéponse% Correct
Quel est le pokémon voyageant dans le sac de Lilie ?Cosmog
94%
Lequel des pokémon suivants possède une forme régionale ?Grolem
93%
Comment s'appelle le capitaine de l'épreuve Feu ?Kiawe
92%
Quel est le pokémon dominant de la Colline Clapotis ?Froussardine
89%
Quel est le nom du doyen de l'île d'Ula-Ula ?Danh
83%
Qui est le directeur de la Fondation AEther ?Saubohne
82%
Quels sont les membres du Conseil 4 ?Pectorius, Alyxia, Margie et Kahili
81%
Quelle est le nom de la plus grande portion de nouilles proposée dans le restaurant du Village flottant ?Portion Z
75%
Comment évolue le pokémon bombydou ?Au niveau 25
66%
Dans quelle ville se trouve le Manoir chelou ?Kokohio
57%

Distribution des résultats

Percentile par nombre de réponses

% des personnes avec chaque résultat

Votre développement - résultats

Vous n’avez pas pris ce quiz